| 000 | 00824cam a2200265 i 4500 | ||
|---|---|---|---|
| 999 |
_c44718 _d44718 |
||
| 001 | 44718 | ||
| 003 | Mx-PuUPA | ||
| 005 | 20211129130609.0 | ||
| 008 | 140415s2009 mx ad gr 001 0 spa d | ||
| 020 | _a9789701073247 | ||
| 040 |
_aMX-PuUPA _bspa _erda _cMx-PuUPA _dMx-PuUPA |
||
| 041 | 0 | _aspa | |
| 100 | 1 |
_aKaram Bechara, José _eautor _95626 |
|
| 245 | 1 | 0 |
_aNeumología pediátrica / _cJosé Karam Becharra. |
| 250 | _aCuarta edición | ||
| 264 | 1 |
_aMéxico, D.F. : _bMcGraw-Hill Interamericana Editores, _c2009 |
|
| 300 |
_a120 páginas : _bilustraciones ; _c26 cm. |
||
| 336 |
_atexto _2rdacontent _btxt |
||
| 337 |
_asin medio _2rdamedia _bn |
||
| 338 |
_avolumen _2rdacarrier _bnc |
||
| 650 | 4 | _aNeumonía | |
| 942 |
_2ddc _cLI _h618.92241 _iK185 |
||